000 00591nam a22002177a 4500
003 OSt
005 20151029134836.0
008 151029b xxu||||| |||| 00| 0 eng d
020 _a9780415359221
040 _cDDC
082 _a305.3 UNT 2007
100 _aUnterhalter, Elaine
_95921
245 _aGender, schooling and global social justice
260 _aLondon;
_bRoutledge,
_c2007
300 _axviii,206p;
_bill:
_c24cm
504 _aNotes, references, & index included
650 _aGender
_9611
650 _aSocialization
_94646
650 _aJustices
_95708
942 _2z
_cO_SHELF
999 _c2368
_d2368